Annual report / (Record no. 22360)
[ view plain ]
| 000 -LEADER | |
|---|---|
| fixed length control field | 00377cas a2200145 a 4500 |
| 040 ## - CATALOGING SOURCE | |
| Transcribing agency | WIH |
| 082 ## - DEWEY DECIMAL CLASSIFICATION NUMBER | |
| Classification number | ANK ANN 2015 C023 Or. |
| 110 1# - MAIN ENTRY--CORPORATE NAME | |
| Corporate name or jurisdiction name as entry element | Wisconsin. |
| 245 10 - TITLE STATEMENT | |
| Title | Annual report / |
| 300 ## - PHYSICAL DESCRIPTION | |
| Number of Pages | 9 volumes : |
| Other physical details | illustrations ; |
| Dimensions | 24 cm |
| Accompanying material | 2015 |
| 500 ## - GENERAL NOTE | |
| General note | WI docs number: Reh.1:1967-1975. |
| 500 ## - GENERAL NOTE | |
| General note | Title from cover. |
| 650 #0 - SUBJECT ADDED ENTRY--TOPICAL TERM | |
| Topical Term | Vocational rehabilitation |
| 942 ## - ADDED ENTRY ELEMENTS (KOHA) | |
| Koha item type | ADB |
| 952 ## - LOCATION AND ITEM INFORMATION (KOHA) | |
| Withdrawn status [LOCAL, KOHA] | 0 |
| Permanent Location | Date acquired | Koha item type | Lost status | Shelving location | Barcode | Current Location | Full call number |
|---|---|---|---|---|---|---|---|
| Library Block C | 2023-12-07 | ADB | C023 | a074900 | Library Block C | ANK ANN 2015 C023 Or. |